Capitali Oceania (con mappa) - Statistics

Statistiche generali
  • Questo quiz è stato fatto 307 volte
  • Il punteggio medio è 7 su 14
Risposte nella Mappa
Le risposte nella mappa del quiz sottostante sono codificate secondo una scala di colori dal rosso al verde in base alla % di persone che hanno risposto correttamente.
 
Statistiche sulle risposte
Risposta % Corretto
Canberra
95%
Wellington
93%
Port Moresby
75%
Suva
47%
Honiara
45%
Port Vila
45%
Ngerulmud
43%
Palikir
42%
Apia
39%
Funafuti
39%
Nuku’alofa
39%
Majuro
36%
Tarawa
35%
Yaren
33%
Nessun quiz corrispondente trovato
Distribuzione punteggi
Percentuale di utenti per punteggio
Percentile per numero di risposta
I tuoi punteggi nel tempo
Non hai fatto questo quiz